Największe miasta w Polsce - Statystyki

Ogólne statystyki
  • Ten quiz został rozwiązany 33 razy
  • Średni wynik to 10 z 10
Statystyki odpowiedzi
ludność miasto % Poprawnych
486 345 Gdańsk
100%
803 283 Kraków
100%
1 861 975 Warszawa
100%
675 079 Wrocław
100%
292 600 Białystok
96%
658 444 Łódź
96%
541 316 Poznań
96%
331 243 Lublin
93%
391 566 Szczecin
93%
330 038 Bydgoszcz
89%
Nie znaleziono quizów pasujących do podanych kryteriów
Rozkład punktacji
Procent ludzi z każdym wynikiem
Percentyl według liczby udzielonych odpowiedzi
Twoja historia wyników
Nie rozwiązałeś tego quizu